Statistics for Countries Closest to Estonia

Click here to take the quiz!

General Stats

  • This quiz has been taken 1,611 times
  • The average score is 18 of 20

Answer Stats

kmcountrymiles% Correct
47Finland29
99%
0Latvia0
99%
0Russia0
99%
150Sweden93
99%
152Lithuania95
98%
396Poland246
98%
636Germany395
97%
554Norway344
97%
157Belarus98
96%
622Ukraine386
95%
939Slovakia584
93%
890Czechia553
92%
523Denmark325
91%
1041Hungary647
90%
1076Austria669
89%
1030Romania640
87%
1013Moldova629
82%
1288Slovenia800
78%
1067Netherlands663
73%
1283Belgium797
71%

Score Distribution

Percentile by Number Answered

Percent of People with Each Score

Your Score History

You have not taken this quiz